01148naa#a2200169#i#4500001001600000005001700016011001400033100004100047102000700088200029900095210024400394215001000638608004500648675020200693700005200895856003100947RU\\bibl\11811820260428054345.2##a3033-8239##a20260401b2026####ek#y0rusy0150####ca##aRU1#aПРИЧИННАЯ СВЯЗЬ И ВИНА В УСЛОВИЯХ АЛГОРИТМИЧЕСКОЙ АВТОНОМНОСТИ: ПРОБЛЕМЫ УГОЛОВНО-ПРАВОВОЙ ОЦЕНКИ ИСПОЛЬЗОВАНИЯ ИСКУССТВЕННОГО ИНТЕЛЛЕКТАeЖурнальная статья1#aАрмавирcАвтономная некоммерческая организация научно-исследовательский институт «Цифровая философия – Цифровой интеллект»d2026##a0 с.##aЖурнальная статья2local##aУголовное право. Уголовное судопроизводство. Криминология. Криминалистика. 343aИскусственный интеллект. 004.8#1aРясовgДмитрий Алексеевич4#aintellectualsovereignty.ru